000 01169cam a22003012 4500
001 11530
003 BD RJUL
005 20211208235136.0
008 140127s1962 nyuab b 001 0 eng
035 _aBD RJUL 11579
040 _aDLC
_cMIA
_dOCL
_dBD RJUL
_beng
041 _aeng
082 _219
_a930.10285
_bCOU 1962
090 _aGN739
_b.B67 1962x
100 1 _aBraidwood, Robert J.
_q(Robert John),
_d1907-2003
_935210
245 1 0 _aCourses toward urban life :
_barcheological considerations of some cultural alternates /
_cEdited by Robert J. Braidwood and Gordon R. Willey.
250 _aSubscribers ed.
260 _aNew York :
_bDistributed through Current anthropology for the Wenner-Gren Foundation for Anthropological Research,
_c1962.
300 _aix, 371 p. :
_billus., maps, tables. ;
_c26 cm.
490 1 _aViking Fund publications in anthropology,
_vno. 32
504 _aIncludes bibliographies.
650 0 _aPrehistoric peoples.
_934070
830 0 _vno. 32
_935675
700 1 _aWilley, Gordon R.
_q(Gordon Randolph),
_d1913-2002
_935667
830 0 _aViking Fund publications in anthropology,
_935676
942 _2ddc
_cBK
999 _c11530
_d11530